[Event "BL Meisterschaftsturnier 2020"]
[Site "Karlsruhe"]
[Date "2020.09.17"]
[Round "2.16"]
[White "Movsesian, Sergei"]
[Black "Grafl, Florian"]
[Result "1-0"]
[WhiteElo "2649"]
[BlackElo "2353"]
[Annotator "TA"]
[PlyCount "93"]
[EventDate "2020.09.16"]
[EventType "team-tourn"]
[EventCountry "GER"]
[SourceTitle "playchess.com"]
[Source "ChessBase"]
[SourceQuality "1"]
[WhiteTeam "Baden-Baden"]
[BlackTeam "Bayern Muenchen"]

{[%evp 9,93,36,57,43,37,35,35,20,25,18,23,23,31,10,41,20,27,0,16,2,60,55,56,59,50,50,58,52,70,60,42,41,55,69,90,82,102,99,122,121,113,108,116,116,124,118,124,113,100,84,126,135,188,55,100,88,189,134,145,124,157,103,105,62,66,40,42,49,450,407,428,415,530,520,462,428,772,309,316,328,294,293,283,208,653,615]} 1. e4 d5 2. exd5 Qxd5 3. Nc3 Qd6 4. d4 Nf6 5. Nf3 c6 6. h3 {B01: Scandinavian Defence.} Bf5 7. g3 h6 8. Bg2 {White is slightly better.} e6 9. O-O Be7 10. a3 O-O 11. Qe2 Qd8 12. Re1 {[#]} Nbd7 $146 ({Predecessor:} 12... a5 13. Kh2 a4 14. Rd1 Qa5 15. Ne5 Qa6 16. Re1 Qxe2 17. Rxe2 Rd8 18. Be3 Nbd7 19. Nxd7 Rxd7 {½-½ (41) Przybylski,W (2337)-Stopa,J (2455) Poronin 2016}) 13. Ne5 Nb6 14. Rd1 Nbd5 (14... Qc7 $11) 15. Na2 $14 Nd7 16. c4 N5f6 17. Nc3 Qc7 18. Bf4 {Black must now prevent Nxc6.} Nxe5 19. Bxe5 Qb6 20. b4 Nd7 21. Bf4 Bf6 22. Rac1 Rfe8 23. Be3 Qc7 24. d5 {aiming for dxc6.} Bxc3 25. Rxc3 cxd5 26. Rcc1 d4 27. Rxd4 e5 28. Rd2 {Strongly threatening Qf3.} Nf6 29. Rcd1 Rac8 30. c5 $1 ({Weaker is} 30. Bxa7 b6 $17) 30... Be4 {[#]} (30... Bd7 $16 {keeps fighting.}) 31. f3 (31. Bxe4 $1 $18 Nxe4 32. Rd7) 31... Bf5 32. Rd6 Kh7 (32... Nh5 $16) 33. Qd2 ({White should try} 33. g4 $18 Bg6 34. h4) 33... Re6 $16 {[#]} 34. g4 $1 {[%cal Rg4f5]} Bg6 35. h4 ({White should play} 35. Bf1) 35... Rxd6 36. cxd6 Qd7 $1 37. h5 Bc2 38. Rc1 $36 {[%mdl 2048] Black is under pressure.} Qa4 $2 {[%mdl 8192] Black cannot hold the game after this.} (38... Ba4 $1 $14) 39. Bf1 e4 40. Bd4 Nd7 41. fxe4 Rc6 42. e5 Be4 (42... Bb3 $142 43. Rxc6 bxc6) 43. Rxc6 (43. Re1 $142) 43... Qxc6 $18 44. Qc3 Qa4 {Black hopes to continue with ...Qd1.} 45. Be2 Nf8 46. Be3 {Hoping for Qc4.} a6 $2 (46... Kg8 47. Qc4 Bc6) 47. Qc4 $1 {[%csl LRe4,LRf7] Accuracy: White = 76%, Black = 65%.} 1-0

[Event "BL Meisterschaftsturnier 2020"]
[Site "Karlsruhe"]
[Date "2020.09.17"]
[Round "2.16"]
[White "Heinemann, Josefine"]
[Black "Rudolf, Henrik"]
[Result "1-0"]
[WhiteElo "2289"]
[BlackElo "2295"]
[Annotator "ChessBase"]
[PlyCount "81"]
[EventDate "2020.09.16"]
[EventType "team-tourn"]
[EventCountry "GER"]
[SourceTitle "playchess.com"]
[Source "ChessBase"]
[SourceQuality "1"]
[WhiteTeam "Viernheim"]
[BlackTeam "SF Berlin"]
[TimeControl "40/5400+30:1800+30"]

1. e4 {[%emt 0:00:00]} c5 {[%emt 0:00:00]} 2. Nf3 {[%emt 0:00:00]} Nc6 {[%emt 0:00:00]} 3. d4 {[%emt 0:00:00]} cxd4 {[%emt 0:00:00]} 4. Nxd4 {[%emt 0:00:00]} Qc7 {[%emt 0:00:06]} 5. Nc3 {[%emt 0:00:12]} e6 {[%emt 0:00:09]} 6. Be2 {[%emt 0:00:34]} Nf6 {[%emt 0:01:05]} 7. O-O {[%emt 0:00:37]} a6 {[%emt 0:00:36]} 8. Be3 {[%emt 0:00:38]} Be7 {[%emt 0:00:44]} 9. f4 {[%emt 0:00:52]} d6 {[%emt 0:00:11]} 10. Qe1 {[%emt 0:02:56]} O-O {[%emt 0:01:57]} 11. Kh1 {[%emt 0:03:34]} Nxd4 {[%emt 0:08:19]} 12. Bxd4 {[%emt 0:02:04]} b5 {[%emt 0:00:30]} 13. Qg3 {[%emt 0:10:56]} Bb7 {[%emt 0:08:16]} 14. a3 {[%emt 0:16:19]} Rad8 {[%emt 0:05:02]} 15. Rae1 {[%emt 0:05:09]} Bc6 {[%emt 0:15:49]} 16. Bd3 {[%emt 0:02:22]} Rd7 {[%emt 0:11:00]} 17. e5 {[%emt 0:09:05]} dxe5 {[%emt 0:09:32]} 18. Bxe5 {[%emt 0:00:28]} Qb7 {[%emt 0:06:03]} 19. Ne4 {[%emt 0:05:49]} Nh5 {[%emt 0:01:40]} 20. Qh3 {[%emt 0:02:57]} g6 {[%emt 0:07:32]} 21. Re3 {[%emt 0:08:52]} Rfd8 {[%emt 0:05:29]} 22. Ng5 {[%emt 0:06:07]} Bc5 {[%emt 0:09:38]} 23. Re2 {[%emt 0:02:37]} Rxd3 {[%emt 0:03:36]} 24. cxd3 {[%emt 0:00:08]} Qd7 {[%emt 0:00:20]} 25. Ne4 {[%emt 0:05:12]} Be7 {[%emt 0:00:05]} 26. Re3 {[%emt 0:03:12]} f5 {[%emt 0:00:33]} 27. Nc3 {[%emt 0:02:17]} a5 {[%emt 0:02:45]} 28. d4 {[%emt 0:01:50]} b4 {[%emt 0:00:36]} 29. axb4 {[%emt 0:00:42]} axb4 {[%emt 0:00:02]} 30. Nd1 {[%emt 0:01:28]} Qd5 {[%emt 0:01:23]} 31. Qf3 {[%emt 0:01:55]} Qc4 {[%emt 0:00:59]} 32. Qf2 {[%emt 0:00:21]} Nf6 {[%emt 0:00:08]} 33. Ree1 {[%emt 0:03:04]} Ne4 {[%emt 0:00:42]} 34. Qe3 {[%emt 0:00:13]} Bh4 {[%emt 0:00:32]} 35. Nf2 {[%emt 0:02:26]} Nxf2+ {[%emt 0:00:17]} 36. Rxf2 {[%emt 0:00:03]} Bxf2 {[%emt 0:00:51]} 37. Qxf2 {[%emt 0:00:03]} Ra8 {[%emt 0:00:44]} 38. h3 {[%emt 0:01:45]} Qd5 {[%emt 0:00:55]} 39. Kh2 {[%emt 0:00:16]} Ra2 {[%emt 0:00:25]} 40. Re2 {[%emt 0:00:37]} Qb5 {[%emt 0:00:54]} 41. Qh4 {[%emt 0:05:35]} 1-0

[Event "BL Meisterschaftsturnier 2020"]
[Site "Karlsruhe"]
[Date "2020.09.17"]
[Round "3.1"]
[White "Mamedyarov, Shakhriyar"]
[Black "L'Ami, Erwin"]
[Result "1/2-1/2"]
[WhiteElo "2764"]
[BlackElo "2620"]
[Annotator "TA"]
[PlyCount "113"]
[EventDate "2020.09.16"]
[EventType "team-tourn"]
[EventCountry "GER"]
[WhiteTeam "Viernheim"]
[BlackTeam "Solingen"]

{[%evp 11,113,14,14,17,24,0,0,-13,4,5,-16,-14,54,27,101,98,103,107,116,116,119,116,204,196,188,174,191,206,204,-160,185,210,168,208,203,193,189,91,78,93,81,71,56,0,0,0,0,0,0,0,53,0,65,65,65,64,64,64,73,69,98,98,98,98,98,98,99,99,99,52,122,122,139,111,118,0,139,139,139,139,513,468,468,468,552,0,0,0,552,552,1008,1007,1572,1030,846,835,813,0,0,0,0,0,0,0]} 1. d4 d5 2. c4 e6 3. Nc3 Nf6 4. cxd5 exd5 5. Bg5 c6 6. Qc2 h6 7. Bh4 {D36: Queen's Gambit Declined: Exchange Variation: Main line (5 Bg5 c6 6 Qc2).} g6 8. f3 $5 {[%mdl 4] Leaves trodden paths.} Bg7 9. O-O-O O-O 10. e4 dxe4 11. fxe4 {[#]} g5 $146 (11... Qa5 $1 $11) ({Predecessor:} 11... Qa5 12. Nf3 Be6 13. Bd3 b5 14. Be1 Ng4 15. e5 Rd8 16. Qe2 b4 17. Ne4 c5 18. Nxc5 Bxa2 {0-1 (30) Piqueras Jimenez,M (2040)-Arnold,E (2042) ICCF email 2018}) 12. Bg3 Ng4 (12... b5 $11 {remains equal.}) 13. Qd2 $1 $16 c5 {[%cal Rc5d4]} 14. h3 cxd4 {Threatens to win with ...Ne3.} 15. hxg4 Bxg4 16. Nd5 Bxd1 (16... Nd7 $16 {might work better.}) 17. Bc7 $1 $18 {[%cal Rc7d8]} (17. Qxd1 Nd7 $11) (17. Kxd1 Nc6 $11) 17... Qe8 {[#]} 18. Rxh6 $3 {[%mdl 512]} Qxe4 (18... Bxh6 19. Nf6+) 19. Bd3 $1 Qxd5 20. Bh7+ Kh8 21. Be4+ $1 Bxh6 22. Bxd5 Rc8 {And now ...Bh5 would win.} 23. Kxd1 {Be5+ would kill now.} Rxc7 24. Nf3 (24. g4 $1 $18 Na6 25. Qh2) 24... Nc6 25. Nxg5 Kg7 26. Qf4 $1 {[%cal Rf4c7]} Rac8 27. Qg3 ({White should play} 27. Bxc6 $14 bxc6 28. Qe5+ Kg8 29. Ne4) 27... Bxg5 $1 $11 28. Qxg5+ Kf8 29. Qf6 {aiming for Bxf7.} Nd8 30. g4 Rd7 ({Black should try} 30... Ke8 $11) 31. Be4 (31. Be6 $1 $14 Nxe6 32. Qh8+ Ke7 33. Qxc8) 31... Rc6 (31... Rc5 $11) 32. Bxc6 $14 Nxc6 {[%mdl 4096] Endgame KQ-KRN} 33. g5 Ke8 34. b4 {[%mdl 1024] White has compensation.} a6 35. a4 d3 36. Kd2 Rd5 37. Qf4 Rd7 38. Qf5 Kd8 39. Qc5 Ke8 40. a5 Nd8 (40... Re7 $1 $14) 41. Qe5+ $16 Kf8 42. Qe4 Rd6 43. Qe5 Rd7 44. Kc1 d2+ 45. Kd1 Nc6 $2 {[%mdl 8192]} (45... Ne6 $16 {is more resistant.} 46. g6 Kg8) 46. Qh8+ $18 Ke7 {[#]} 47. b5 $1 {[%mdl 512]} Nxa5 (47... axb5 48. Qf6+) 48. bxa6 $2 (48. Qe5+ $18 Kf8 49. bxa6 bxa6 50. Qxa5) 48... Nc4 $1 $11 {[%cal Rc4e3]} 49. Qf6+ Ke8 $2 {[%mdl 8192]} (49... Kf8 $11 {and Black has nothing to worry.} 50. Qc3 (50. Qh8+ Ke7 $11) 50... b5) 50. Qc3 $18 {Black must now prevent a7.} ({Inferior is} 50. Qh8+ Ke7 $11) 50... b5 {[#]} 51. g6 $1 {[%cal Rg6g7][%mdl 512] g7 is the strong threat.} f6 (51... fxg6 52. a7) 52. a7 $1 {[%cal Ra7a8]} Rxa7 53. Qxf6 {Intending Qh8+ and mate.} Re7 {[#]} 54. Qh8+ $2 ({White must play} 54. Qc6+ $1 $18 Kd8 55. Qd5+ Rd7 {[#]} 56. Qxd7+ $1 {[%mdl 576] Remove Defender, Promotion} Kxd7 57. g7) 54... Kd7 $11 {The position is equal.} 55. Qh3+ Kd8 $1 56. Qh4 Ke8 $1 {( -> ...Re1+)} 57. Qh8+ {Accuracy: White = 83%, Black = 63%.} 1/2-1/2

[Event "BL Meisterschaftsturnier 2020"]
[Site "Karlsruhe"]
[Date "2020.09.17"]
[Round "3.1"]
[White "Seel, Christian"]
[Black "McShane, Luke J"]
[Result "1/2-1/2"]
[WhiteElo "2475"]
[BlackElo "2680"]
[Annotator "ChessBase"]
[PlyCount "55"]
[EventDate "2020.09.16"]
[EventType "team-tourn"]
[EventCountry "GER"]
[WhiteTeam "Aachen"]
[BlackTeam "Werder Bremen"]
[TimeControl "40/5400+30:1800+30"]

1. Nf3 {[%emt 0:00:00]} c5 {[%emt 0:03:58]} 2. c4 {[%emt 0:00:00]} g6 {[%emt 0:01:33]} 3. e4 {[%emt 0:00:06]} Nc6 {[%emt 0:04:21]} 4. d4 {[%emt 0:00:40]} cxd4 {[%emt 0:00:05]} 5. Nxd4 {[%emt 0:00:03]} Nf6 {[%emt 0:00:20]} 6. Nc3 {[%emt 0:00:05]} Nxd4 {[%emt 0:01:06]} 7. Qxd4 {[%emt 0:00:07]} d6 {[%emt 0:00:06]} 8. Be2 {[%emt 0:07:38]} Bg7 {[%emt 0:00:08]} 9. Be3 {[%emt 0:00:51]} O-O {[%emt 0:00:09]} 10. Qd2 {[%emt 0:00:07]} a5 {[%emt 0:04:21]} 11. O-O {[%emt 0:05:10]} a4 {[%emt 0:00:51]} 12. f3 {[%emt 0:04:30]} Qa5 {[%emt 0:04:37]} 13. Rab1 {[%emt 0:10:05]} Be6 {[%emt 0:02:10]} 14. Rfc1 {[%emt 0:00:58]} Rfc8 {[%emt 0:04:01]} 15. b4 {[%emt 0:01:23]} axb3 {[%emt 0:01:45]} 16. axb3 {[%emt 0:00:06]} Qb4 {[%emt 0:03:44]} 17. Nd5 {[%emt 0:04:30]} Qxd2 {[%emt 0:05:26]} 18. Bxd2 {[%emt 0:00:31]} Ra2 {[%emt 0:25:45]} 19. Nxe7+ {[%emt 0:12:45]} Kf8 {[%emt 0:00:08]} 20. Nxc8 {[%emt 0:00:09]} Rxd2 {[%emt 0:00:09]} 21. Nxd6 {[%emt 0:00:35]} Nh5 {[%emt 0:05:10]} 22. Bf1 {[%emt 0:20:40]} Rxd6 {[%emt 0:00:16]} 23. Rd1 {[%emt 0:00:27]} Ra6 {[%emt 0:16:43]} 24. c5 {[%emt 0:06:27]} Ra8 {[%emt 0:00:16]} 25. Bc4 {[%emt 0:03:06]} Nf4 {[%emt 0:02:30]} 26. Bxe6 {[%emt 0:01:43]} Nxe6 {[%emt 0:01:58]} 27. b4 {[%emt 0:00:44]} Bd4+ {[%emt 0:04:11]} 28. Kh1 {[%emt 0:00:20]} 1/2-1/2

[Event "BL Meisterschaftsturnier 2020"]
[Site "Karlsruhe"]
[Date "2020.09.17"]
[Round "3.2"]
[White "Areshchenko, Alexander"]
[Black "Koch, Thomas"]
[Result "1-0"]
[WhiteElo "2678"]
[BlackElo "2461"]
[Annotator "ChessBase"]
[PlyCount "41"]
[EventDate "2020.09.16"]
[EventType "team-tourn"]
[EventCountry "GER"]
[WhiteTeam "Werder Bremen"]
[BlackTeam "Aachen"]
[TimeControl "40/5400+30:1800+30"]

1. e4 {[%emt 0:00:00]} c5 {[%emt 0:00:00]} 2. Nf3 {[%emt 0:00:00]} d6 {[%emt 0:00:00]} 3. d4 {[%emt 0:00:00]} cxd4 {[%emt 0:00:00]} 4. Nxd4 {[%emt 0:00:00]} Nf6 {[%emt 0:00:02]} 5. Nc3 {[%emt 0:00:00]} a6 {[%emt 0:00:06]} 6. Be2 {[%emt 0:00:00]} e6 {[%emt 0:00:07]} 7. f4 {[%emt 0:00:38]} Qc7 {[%emt 0:02:00]} 8. O-O {[%emt 0:00:46]} Be7 {[%emt 0:00:21]} 9. Be3 {[%emt 0:00:44]} O-O {[%emt 0:00:34]} 10. g4 {[%emt 0:00:56]} Nc6 {[%emt 0:14:54]} 11. g5 {[%emt 0:02:46]} Nxd4 {[%emt 0:04:14]} 12. Qxd4 {[%emt 0:03:08]} Nd7 {[%emt 0:00:06]} 13. f5 {[%emt 0:05:02]} Re8 {[%emt 0:00:58]} 14. Rf2 {[%emt 0:37:42]} b5 {[%emt 0:06:48]} 15. fxe6 {[%emt 0:07:03]} fxe6 {[%emt 0:00:05]} 16. Nd5 {[%emt 0:03:45]} exd5 {[%emt 0:00:24]} 17. Qxd5+ {[%emt 0:00:02]} Kh8 {[%emt 0:00:08]} 18. Qxa8 {[%emt 0:00:10]} Nb6 {[%emt 0:00:16]} 19. Bxb6 {[%emt 0:00:17]} Qxb6 {[%emt 0:00:08]} 20. Raf1 {[%emt 0:07:13]} Bxg5 {[%emt 0:33:52]} 21. Qc6 {[%emt 0:01:24]} 1-0

[Event "BL Meisterschaftsturnier 2020"]
[Site "Karlsruhe"]
[Date "2020.09.17"]
[Round "3.2"]
[White "Areshchenko, Alexander"]
[Black "Koch, Thomas"]
[Result "*"]
[WhiteElo "2678"]
[BlackElo "2461"]
[Annotator "TA"]
[PlyCount "41"]
[EventDate "2020.09.16"]
[EventType "team-tourn"]
[EventCountry "GER"]
[SourceTitle "playchess.com"]
[Source "ChessBase"]
[SourceQuality "1"]
[WhiteTeam "Werder Bremen"]
[BlackTeam "Aachen"]

{[%evp 24,26,59,48,54]} 1. e4 c5 2. Nf3 d6 3. d4 cxd4 4. Nxd4 Nf6 5. Nc3 a6 6. Be2 e6 7. f4 Qc7 8. O-O Be7 9. Be3 O-O 10. g4 Nc6 11. g5 Nxd4 12. Qxd4 Nd7 13. f5 {Black must now prevent f6.} Re8 {[#] B85: Sicilian Scheveningen: 6 Be2 a6, lines with early Be3.} {Predecessor:} 14. fxe6 $146 fxe6 15. Bh5 Rf8 16. Rxf8+ Bxf8 17. Rf1 Ne5 18. Nd5 Qd8 19. Nb6 Rb8 20. a4 Bd7 21. a5 {½-½ (62) Emanuel,Y (2375)-Zoler,D (2498) Herzliya 2019} *

[Event "BL Meisterschaftsturnier 2020"]
[Site "Karlsruhe"]
[Date "2020.09.17"]
[Round "3.2"]
[White "Tari, Aryan"]
[Black "Malakhov, Vladimir"]
[Result "1/2-1/2"]
[WhiteElo "2630"]
[BlackElo "2669"]
[Annotator "ChessBase"]
[PlyCount "41"]
[EventDate "2020.09.16"]
[EventType "team-tourn"]
[EventCountry "GER"]
[WhiteTeam "Solingen"]
[BlackTeam "Viernheim"]
[TimeControl "40/5400+30:1800+30"]

1. e4 {[%emt 0:00:22]} e5 {[%emt 0:00:00]} 2. Nf3 {[%emt 0:00:08]} Nc6 {[%emt 0:00:00]} 3. d4 {[%emt 0:00:04]} exd4 {[%emt 0:00:18]} 4. Nxd4 {[%emt 0:00:06]} Bc5 {[%emt 0:00:10]} 5. Nxc6 {[%emt 0:00:11]} bxc6 {[%emt 0:02:59]} 6. Bd3 {[%emt 0:01:00]} Qh4 {[%emt 0:03:34]} 7. O-O {[%emt 0:01:03]} Nf6 {[%emt 0:02:59]} 8. Qf3 {[%emt 0:00:35]} O-O {[%emt 0:08:11]} 9. e5 {[%emt 0:01:27]} Ng4 {[%emt 0:01:06]} 10. Bf4 {[%emt 0:00:29]} Bd4 {[%emt 0:03:14]} 11. Bg3 {[%emt 0:01:17]} Nxe5 {[%emt 0:00:21]} 12. Qf5 {[%emt 0:01:00]} d6 {[%emt 0:01:01]} 13. Qxe5 {[%emt 0:01:56]} Bxe5 {[%emt 0:01:14]} 14. Bxh4 {[%emt 0:00:09]} Bxb2 {[%emt 0:00:03]} 15. Nd2 {[%emt 0:00:27]} Bxa1 {[%emt 0:00:06]} 16. Rxa1 {[%emt 0:00:05]} Rb8 {[%emt 0:03:01]} 17. f3 {[%emt 0:02:03]} Be6 {[%emt 0:02:50]} 18. Bf2 {[%emt 0:07:43]} c5 {[%emt 0:00:42]} 19. Kf1 {[%emt 0:14:28]} f6 {[%emt 0:11:33]} 20. Ke1 {[%emt 0:05:11]} Rfe8 {[%emt 0:01:44]} 21. Kd1 {[%emt 0:04:32]} 1/2-1/2

[Event "BL Meisterschaftsturnier 2020"]
[Site "Karlsruhe"]
[Date "2020.09.17"]
[Round "3.3"]
[White "Kryvoruchko, Yuriy"]
[Black "Van Foreest, Jorden"]
[Result "1-0"]
[WhiteElo "2682"]
[BlackElo "2682"]
[Annotator "TA"]
[PlyCount "43"]
[EventDate "2020.09.16"]
[EventType "team-tourn"]
[EventCountry "GER"]
[SourceTitle "playchess.com"]
[Source "ChessBase"]
[SourceQuality "1"]
[WhiteTeam "Viernheim"]
[BlackTeam "Solingen"]

{[%evp 19,41,0,0,0,0,0,0,0,0,0,0,0,0,0,23,0,291,281,391,395,627,560,1030,905]} 1. c4 Nf6 2. Nc3 g6 3. e4 d6 4. d4 Bg7 5. Be2 O-O 6. Bg5 c5 7. d5 e6 8. Qd2 exd5 9. exd5 Bf5 10. Nf3 Qb6 11. Nh4 {Threatens to win with Bxf6. E75: King's Indian: Averbakh Variation: 6...c5 7 d5 e6.} Ne4 12. Nxe4 Bxe4 13. f3 {The position is equal.} h6 $1 {[%cal Rh6g5] The main line 13...h6 scores better than 13...Qxb2.} ({Of course not} 13... Qxb2 14. Rc1 $16) ({Don't play} 13... Bxb2 $6 14. Rd1 $16) 14. Bxh6 Bxh6 15. Qxh6 Qxb2 16. Rc1 Bc2 17. O-O $40 {[%mdl 128] aiming for Rf2. White is up to no good.} Nd7 $2 {[%mdl 8192] [#]} (17... Re8 $1 $11 18. Qd2 Qf6) 18. Rf2 $1 $18 Ba4 19. Bd1 Qa3 (19... Qg7 $142 20. Qxg7+ Kxg7 21. Bxa4 Nb6) 20. Bxa4 Qxa4 21. f4 {[#] Accuracy: White = 100%, Black = 32%.} {Predecessor:} Nf6 $146 22. Nf5 {1-0 (22) Kravtsiv,M (2657)-Amin,B (2672) Martuni 2017} 1-0

[Event "BL Meisterschaftsturnier 2020"]
[Site "Karlsruhe"]
[Date "2020.09.17"]
[Round "3.3"]
[White "Vandenbussche, Thibaut"]
[Black "Efimenko, Zahar"]
[Result "1/2-1/2"]
[WhiteElo "2435"]
[BlackElo "2602"]
[Annotator "ChessBase"]
[PlyCount "79"]
[EventDate "2020.09.16"]
[EventType "team-tourn"]
[EventCountry "GER"]
[WhiteTeam "Aachen"]
[BlackTeam "Werder Bremen"]
[TimeControl "40/5400+30:1800+30"]

1. e4 {[%emt 0:00:00]} c5 {[%emt 0:00:19]} 2. Nf3 {[%emt 0:00:00]} Nc6 {[%emt 0:00:11]} 3. Bb5 {[%emt 0:00:03]} d6 {[%emt 0:00:20]} 4. O-O {[%emt 0:00:13]} Bd7 {[%emt 0:00:10]} 5. Re1 {[%emt 0:00:10]} Nf6 {[%emt 0:00:29]} 6. c3 {[%emt 0:00:07]} a6 {[%emt 0:00:11]} 7. Bf1 {[%emt 0:00:05]} Bg4 {[%emt 0:00:29]} 8. h3 {[%emt 0:00:06]} Bxf3 {[%emt 0:00:41]} 9. Qxf3 {[%emt 0:00:05]} e6 {[%emt 0:00:16]} 10. d3 {[%emt 0:05:05]} Be7 {[%emt 0:00:57]} 11. Nd2 {[%emt 0:01:21]} O-O {[%emt 0:00:23]} 12. Qd1 {[%emt 0:06:19]} d5 {[%emt 0:00:55]} 13. e5 {[%emt 0:01:49]} Nd7 {[%emt 0:00:37]} 14. Nf3 {[%emt 0:00:04]} d4 {[%emt 0:02:34]} 15. g3 {[%emt 0:05:22]} b5 {[%emt 0:02:56]} 16. Bg2 {[%emt 0:04:51]} Rc8 {[%emt 0:00:24]} 17. h4 {[%emt 0:09:28]} dxc3 {[%emt 0:02:18]} 18. bxc3 {[%emt 0:00:06]} Nb6 {[%emt 0:00:23]} 19. Ng5 {[%emt 0:06:08]} Nd5 {[%emt 0:17:56]} 20. Qg4 {[%emt 0:16:27]} Qd7 {[%emt 0:13:11]} 21. c4 {[%emt 0:22:21]} Nc3 {[%emt 0:02:48]} 22. cxb5 {[%emt 0:09:54]} axb5 {[%emt 0:00:55]} 23. Bb2 {[%emt 0:00:07]} b4 {[%emt 0:07:57]} 24. Bxc3 {[%emt 0:00:43]} bxc3 {[%emt 0:00:18]} 25. Bxc6 {[%emt 0:02:37]} Rxc6 {[%emt 0:01:40]} 26. Qc4 {[%emt 0:03:18]} Rd8 {[%emt 0:02:44]} 27. Re3 {[%emt 0:00:17]} Qd4 {[%emt 0:11:45]} 28. Rc1 {[%emt 0:00:17]} Ra8 {[%emt 0:02:06]} 29. Re4 {[%emt 0:02:03]} Qxc4 {[%emt 0:05:13]} 30. Rxc4 {[%emt 0:00:05]} Rxa2 {[%emt 0:01:55]} 31. R1xc3 {[%emt 0:00:53]} Rb6 {[%emt 0:03:42]} 32. d4 {[%emt 0:02:37]} h6 {[%emt 0:01:47]} 33. Ne4 {[%emt 0:00:53]} cxd4 {[%emt 0:01:30]} 34. Rxd4 {[%emt 0:00:01]} Rb7 {[%emt 0:02:00]} 35. Rc8+ {[%emt 0:01:27]} Kh7 {[%emt 0:00:16]} 36. Rdc4 {[%emt 0:00:49]} Ra5 {[%emt 0:03:33]} 37. R8c7 {[%emt 0:00:43]} Rxc7 {[%emt 0:00:30]} 38. Rxc7 {[%emt 0:00:02]} Rxe5 {[%emt 0:01:06]} 39. Rxe7 {[%emt 0:00:15]} Rxe4 {[%emt 0:00:05]} 40. Rxf7 {[%emt 0:00:07]} 1/2-1/2

[Event "BL Meisterschaftsturnier 2020"]
[Site "Karlsruhe"]
[Date "2020.09.17"]
[Round "3.4"]
[White "Andersen, Mads"]
[Black "Korobov, Anton"]
[Result "1/2-1/2"]
[WhiteElo "2585"]
[BlackElo "2688"]
[Annotator "ChessBase"]
[PlyCount "44"]
[EventDate "2020.09.16"]
[EventType "team-tourn"]
[EventCountry "GER"]
[WhiteTeam "Solingen"]
[BlackTeam "Viernheim"]
[TimeControl "40/5400+30:1800+30"]

1. d4 {[%emt 0:00:00]} d5 {[%emt 0:00:00]} 2. c4 {[%emt 0:00:06]} c6 {[%emt 0:00:00]} 3. Nf3 {[%emt 0:00:12]} Nf6 {[%emt 0:00:00]} 4. e3 {[%emt 0:00:28]} Bf5 {[%emt 0:00:14]} 5. Nc3 {[%emt 0:00:23]} e6 {[%emt 0:00:08]} 6. Nh4 {[%emt 0:01:02]} Bg6 {[%emt 0:00:09]} 7. Be2 {[%emt 0:02:58]} Nbd7 {[%emt 0:00:34]} 8. g3 {[%emt 0:06:27]} Bd6 {[%emt 0:02:49]} 9. O-O {[%emt 0:04:17]} a6 {[%emt 0:02:13]} 10. a4 {[%emt 0:04:17]} a5 {[%emt 0:03:56]} 11. Qb3 {[%emt 0:08:19]} Qb8 {[%emt 0:02:56]} 12. Nxg6 {[%emt 0:06:40]} hxg6 {[%emt 0:00:17]} 13. Bf3 {[%emt 0:00:15]} O-O {[%emt 0:02:48]} 14. Rd1 {[%emt 0:05:33]} Bb4 {[%emt 0:01:51]} 15. Na2 {[%emt 0:01:28]} Bd6 {[%emt 0:00:18]} 16. Nc3 {[%emt 0:05:52]} Bb4 {[%emt 0:00:12]} 17. Na2 {[%emt 0:00:07]} Bd6 {[%emt 0:00:05]} 18. Bg2 {[%emt 0:00:18]} Qa7 {[%emt 0:02:26]} 19. Nc3 {[%emt 0:01:03]} Bb4 {[%emt 0:00:15]} 20. Na2 {[%emt 0:00:18]} Bd6 {[%emt 0:00:29]} 21. Nc3 {[%emt 0:03:11]} Bb4 {[%emt 0:00:08]} 22. Na2 {[%emt 0:00:05]} Bd6 {[%emt 0:00:07]} 1/2-1/2

[Event "BL Meisterschaftsturnier 2020"]
[Site "Karlsruhe"]
[Date "2020.09.17"]
[Round "3.4"]
[White "Van Foreest, Lucas"]
[Black "Piceu, Tom"]
[Result "0-1"]
[WhiteElo "2531"]
[BlackElo "2347"]
[Annotator "ChessBase"]
[PlyCount "74"]
[EventDate "2020.09.16"]
[EventType "team-tourn"]
[EventCountry "GER"]
[WhiteTeam "Werder Bremen"]
[BlackTeam "Aachen"]
[TimeControl "40/5400+30:1800+30"]

1. e4 {[%emt 0:00:00]} c5 {[%emt 0:00:00]} 2. Nf3 {[%emt 0:00:00]} d6 {[%emt 0:00:00]} 3. d4 {[%emt 0:00:00]} cxd4 {[%emt 0:00:00]} 4. Nxd4 {[%emt 0:00:00]} Nf6 {[%emt 0:00:00]} 5. Nc3 {[%emt 0:00:00]} a6 {[%emt 0:00:00]} 6. Bg5 {[%emt 0:00:00]} e6 {[%emt 0:00:09]} 7. f4 {[%emt 0:00:00]} h6 {[%emt 0:00:19]} 8. Bh4 {[%emt 0:00:20]} Nbd7 {[%emt 0:00:13]} 9. Be2 {[%emt 0:22:07]} b5 {[%emt 0:11:59]} 10. f5 {[%emt 0:09:30]} e5 {[%emt 0:13:15]} 11. Ne6 {[%emt 0:00:59]} fxe6 {[%emt 0:04:26]} 12. fxe6 {[%emt 0:10:30]} Nb6 {[%emt 0:01:38]} 13. Bh5+ {[%emt 0:02:58]} Ke7 {[%emt 0:00:15]} 14. O-O {[%emt 0:11:23]} Bxe6 {[%emt 0:02:21]} 15. Nd5+ {[%emt 0:00:14]} Bxd5 {[%emt 0:01:37]} 16. exd5 {[%emt 0:00:10]} Kd7 {[%emt 0:04:32]} 17. Bf7 {[%emt 0:08:09]} Be7 {[%emt 0:05:36]} 18. Bf2 {[%emt 0:00:36]} Kc7 {[%emt 0:08:01]} 19. Re1 {[%emt 0:00:45]} Kb7 {[%emt 0:01:28]} 20. a4 {[%emt 0:02:11]} Qc7 {[%emt 0:07:06]} 21. a5 {[%emt 0:00:34]} Nc4 {[%emt 0:02:12]} 22. b3 {[%emt 0:01:07]} Nxa5 {[%emt 0:01:19]} 23. c4 {[%emt 0:03:05]} Nd7 {[%emt 0:12:21]} 24. c5 {[%emt 0:00:38]} Nxc5 {[%emt 0:05:02]} 25. b4 {[%emt 0:00:07]} Rhf8 {[%emt 0:01:15]} 26. Bh5 {[%emt 0:00:28]} Ncb3 {[%emt 0:00:35]} 27. Ra2 {[%emt 0:02:12]} Bd8 {[%emt 0:05:02]} 28. bxa5 {[%emt 0:00:47]} Nxa5 {[%emt 0:00:37]} 29. Rc2 {[%emt 0:01:12]} Nc4 {[%emt 0:00:30]} 30. Qd3 {[%emt 0:02:02]} Qd7 {[%emt 0:07:46]} 31. Rb1 {[%emt 0:05:07]} Bb6 {[%emt 0:02:00]} 32. Qxc4 {[%emt 0:00:04]} Rxf2 {[%emt 0:01:31]} 33. Qc6+ {[%emt 0:00:10]} Qxc6 {[%emt 0:00:04]} 34. dxc6+ {[%emt 0:00:09]} Kc7 {[%emt 0:00:08]} 35. Rxf2 {[%emt 0:00:05]} Rf8 {[%emt 0:00:19]} 36. Rbb2 {[%emt 0:04:38]} d5 {[%emt 0:01:54]} 37. Bf3 {[%emt 0:03:06]} e4 {[%emt 0:01:03]} 0-1